Statistics for Latvia Historical Regions

Click here to take the quiz!

General Stats

  • This quiz has been taken 220 times
    (168 since last reset)
  • The average score is 3 of 5

Answer Stats

Regions % Correct
2Latgale
82%
5Vidzeme
81%
1Courland
57%
4Semigallia
32%
3Selonia
31%

Score Distribution

Percentile by Number Answered

Percent of People with Each Score

Your Score History

You have not taken this quiz since the last reset